000 01896cam a22004934a 4500
001 muse84107
003 MdBmJHUP
005 20210127151708.0
006 m o d
007 cr||||||||nn|n
008 200504r20201994gau o 00 0 eng d
020 _a9781951498498
020 _z9781951498504
035 _a(OCoLC)1153284427
040 _aMdBmJHUP
_cMdBmJHUP
050 4 _aBS1375.3
_b.S44 1994eb vol. 3
082 0 _a296.1/25
_220
100 1 _aSegal, Eliezer,
_eauthor.
245 1 4 _aVol. 3 The Babylonian Esther Midrash: A Critical Commentary
_nVolume 3,
_pEsther chapter 5 to end /
_cby Eliezer Segal.
_pEsther chapter 5 to end /
_nVolume 3,
300 _a1 online resource (1 online resource unpaged.)
490 0 _aBrown Judaic studies ;
_vnumber 293
500 _aIssued as part of book collections on Project MUSE.
504 _aIncludes bibliographical references and index.
506 0 _aOpen Access
_fUnrestricted online access
_2star
588 _aDescription based on print version record.
630 0 0 _aBible.
_pEsther
_vCommentaries.
630 0 0 _aTalmud.
_pMegillah I, 10b-17a
_xCriticism, Redaction.
630 0 0 _aMidrash
_xHistory and criticism.
655 0 _aElectronic books.
_2local
655 0 _aElectronic books.
655 7 _aElectronic books.
_2local
710 2 _aProject Muse.
_edistributor
710 2 _aProject Muse,
_edistributor.
730 0 2 _aTalmud.
_pMegillah I, 10b-17a.
_lEnglish.
776 1 8 _iPrint version:
_w(DLC) 94025966
_z9781951498504
710 2 _aProject Muse.
_edistributor
830 0 _aBook collections on Project MUSE.
830 0 _aBrown Judaic studies ;
_vno. 293.
830 0 _aBook collections on Project MUSE.
856 4 0 _zFull text available:
_uhttps://muse.jhu.edu/book/74908/
999 _c26675
_d26675